000 00403nam a22001697a 4500
003 OSt
005 20211115100750.0
008 211115b |||||||| |||| 00| 0 eng d
020 _a139780072875683
040 _cHU
082 _a371.2009/HOY
100 _aWAYNE K. HOY
_918303
245 _aEDUCATIONAL ADOMINISTRATION
260 _aNEW YORK
_bHILL
_c2005
300 _a442P
942 _2ddc
_cBOOKS
_n0
999 _c18162
_d18162